Handbook of universities. Vol.1-2 (Record no. 42515)

MARC details
000 -LEADER
fixed length control field 00380nam a2200133Ia 4500
020 ## - INTERNATIONAL STANDARD BOOK NUMBER
ISBN 8126906073&8126906081
082 ## - DEWEY DECIMAL CLASSIFICATION NUMBER
Classification number 378(035)(540)
Item number GUP.1
100 ## - MAIN ENTRY--AUTHOR NAME
Personal name Ashish Kumar, Ameeta
245 #0 - TITLE STATEMENT
Title Handbook of universities. Vol.1-2
260 ## - PUBLICATION, DISTRIBUTION, ETC. (IMPRINT)
Place of publication New Delhi
Name of publisher Atlantic Publishers & Distributers
Year of publication 2006
700 ## - ADDED ENTRY--PERSONAL NAME
Personal name Gupta
942 ## - ADDED ENTRY ELEMENTS (KOHA)
Koha item type Books
Holdings
Withdrawn status Lost status Damaged status Not for loan Home library Current library Date acquired Full call number Accession Number Koha item type
        RRII Library RRII Library 16/12/2021 378(035)(540) GUP.1 22786 Books